000 00632nam a22001937a 4500
003 BD-DhJNU
005 20250723051325.0
008 250723b |||||||| |||| 00| 0 eng d
040 _aBD-DhJNU
_bENG
_cBD-DhJNU
_dBD-DhJNU
082 _223
_a973 NAT
100 _aBlum, John Morton
245 _aThe National experience :
_ba history of the United States /
_cJohn M. Blum...[et al.].
250 _a2nd ed.
260 _aNew York :
_bHarcourt, Brace & World,
_c1968.
300 _axx, 906p. :
_bill. ;
_c25 cm.
504 _aIncludes bibliographical references and index
650 _aUnited States
_xHistory
942 _2ddc
_cBK
_n0
999 _c1930
_d1930